000 01016nam a22003137a 4500
003 CHAP
005 20220329135539.0
008 971013s1970 r 00010 d
010 _a38294
011 _a39266
035 _a43386
040 _cCHAP
082 _a551.4
_bP4
100 0 0 _aPecsi, Marton.
_986505
245 _aProblems of relief planation
260 _aBudapest :
_bAkademiai Kiadó,
_c1970
300 _a151 p.
_b: ilus.
490 _aStudies in geography of Hungary
_v; 8
590 _aBATCH-UPD
_b10
_c20130110
_lUCH01
_h2050
590 _aBATCH-UPD
_b10
_c20130410
_lUCH01
_h1403
590 _aBATCH-UPD
_b10
_c20130914
_lUCH01
_h1539
590 _aCONVERSION
_b10
_c20130109
_lUCH01
_h1321
650 1 4 _aGeografía física.
_947590
830 0 _aStudies in geography of Hungary
_v; 8
_9110070
901 _aBK
942 _cLIBRO
949 _a551.4 P4
_bBC
_cLIBRO
_d33724000414322
_eLIBRO
_h16153
_i43386
_si
_t63.00
949 _a551.4 P4
_bBC
_cLIBRO
_d33724000414330
_eLIBRO
_fc.2
_h16154
_i43386
_si
_t63.00
999 _c38294
_d38294